Naturalizing the mind

Tallennettuna:
Bibliografiset tiedot
Päätekijä: Dretske, Fred (Tekijä)
Aineistotyyppi: Kirja
Kieli:englanti
Julkaistu: Cambridge The Mit Press 1995
Sarja:Collection a Bradford Book
Aiheet:
Tagit: Lisää tagi
Ei tageja, Lisää ensimmäinen tagi!

MARC

LEADER 00000nam a2200000 a 4500
001 UCO2441
003 CL-VaPUC
008 000602e19950000UK |||||||||||||||||eng|d
082 0 4 |a 128.2  |b DRE  |2 21 
100 0 |a Dretske, Fred  |e author  |9 445598 
245 1 0 |a Naturalizing the mind 
300 |a 208 p 
942 |c BK 
945 |d 20000602 00:00:00  |a rbrito 
260 |a Cambridge  |b The Mit Press  |c 1995 
650 0 |a Pensamiento  |9 307612 
650 0 |a Teoría del conocimiento   |9 255038 
583 |a last modification  |c 20121001 10:12:45  |k Rodrigo Vera 
490 0 |a Collection a Bradford Book 
999 |c 288952  |d 288950 
952 |0 0  |1 0  |4 0  |6 128_200000000000000_DRE_1995  |7 0  |8 A  |9 336966  |a FDOPOS  |b FDOPOS  |d 2019-11-20  |i 3626091  |o 128.2 DRE 1995  |p 3626091  |r 2025-01-22  |w 2019-11-20  |y BK  |k MLA